Countries Furthest From Brazil - Statistics

General Stats
  • This quiz has been taken 15 times
  • The average score is 5 of 9
Answer Stats
Continent Answer % Correct
Asia South Korea
82%
Asia Japan
73%
Asia Kazakhstan
73%
Asia Taiwan
73%
Asia Mongolia
64%
Oceania New Zealand
45%
Asia Philippines
45%
Asia Afghanistan
18%
Asia Bangladesh
18%
No matching quizzes found
Score Distribution
Percent of People with Each Score
Percentile by Number Answered
Your Score History
You have not taken this quiz